000
00292nam a2200109Ia 4500
008
230907s9999||||xx |||||||||||||| ||und||
082
_a
572.80285
_b
STE
245
0
_a
Calculations for molecular biology and biotechnology /
260
_a
Academic Press,
_c
2016
300
_a
481 p.
942
_c
BK
999
_c
598391
_d
598391